000 01034cab a2200313 4500
001 ABS50153
008 090401t1994 xxu||||| |||| 00| 0 eng d
035 _a(Sirsi) u74415
041 _aeng
100 _aGuest, P.
245 _aClients seek cut-price law from country practices
260 _c1994
350 _a0
490 _aBuilding
_v259(7830) 11 February 1994, 33(1)
520 _aLondon law firms are watching competition from solicitors in the provinces as well as from quantity surveyors, who have applied to represent clients in court.
650 _aFEES
650 _aINSTITUTE OF COMMERCIAL LITIGATORS
650 _aLAW FIRMS
650 _aLEGAL ADVICE
650 _aLONDON
650 _aQUANTITY SURVEYORS
650 _aREGIONS
650 _aSOLICITORS
690 _aMANAGEMENT-DISPUTE AVOIDANCE, MANAGEMENT AND RESOLUTION-DISPUTE MANAGEMENT AND RESOLUTION-ARBITRATION
690 _aLAW
690 _aMANAGEMENT-BUSINESS MANAGEMENT-PROFESSIONAL PRACTICE
942 _n0
948 _c04/03/1997
999 _c46950
_d46950